<?xml version="1.0" encoding="UTF-8"?>
<record
    xmlns:xsi="http://www.w3.org/2001/XMLSchema-instance"
    xsi:schemaLocation="http://www.loc.gov/MARC21/slim http://www.loc.gov/standards/marcxml/schema/MARC21slim.xsd"
    xmlns="http://www.loc.gov/MARC21/slim">

  <leader>02100nmm a2200409 i 4500</leader>
  <controlfield tag="001">195437</controlfield>
  <controlfield tag="003">SpMaBN</controlfield>
  <controlfield tag="005">20250823051222.0</controlfield>
  <controlfield tag="007">vd*cvaizz</controlfield>
  <controlfield tag="008">240612s2010    sp 030 g          v spa  </controlfield>
  <datafield tag="035" ind1=" " ind2=" ">
    <subfield code="a">(OCoLC)989141728</subfield>
  </datafield>
  <datafield tag="035" ind1=" " ind2=" ">
    <subfield code="a">a5968824</subfield>
  </datafield>
  <datafield tag="040" ind1=" " ind2=" ">
    <subfield code="a">SpMaBN</subfield>
    <subfield code="b">spa</subfield>
    <subfield code="c">SpMaBN</subfield>
    <subfield code="e">rdc</subfield>
    <subfield code="d">ES-MaACL</subfield>
  </datafield>
  <datafield tag="245" ind1="0" ind2="0">
    <subfield code="a">Beneyto desdobl&#xE1;ndose</subfield>
    <subfield code="h">[Recurso Electr&#xF3;nico] /</subfield>
    <subfield code="c">direcci&#xF3;n Adriana Hoyos ; gui&#xF3;n Adriana Hoyos</subfield>
  </datafield>
  <datafield tag="250" ind1=" " ind2=" ">
    <subfield code="a">Edici&#xF3;n no venal</subfield>
  </datafield>
  <datafield tag="260" ind1=" " ind2=" ">
    <subfield code="a">[Majadahonda (Madrid) :</subfield>
    <subfield code="b">La huella del gato,</subfield>
    <subfield code="c">2010.</subfield>
  </datafield>
  <datafield tag="300" ind1=" " ind2=" ">
    <subfield code="a">1 DVD-v&#xED;deo (30 min) :</subfield>
    <subfield code="b">son., col. ;</subfield>
    <subfield code="c">12 cm</subfield>
  </datafield>
  <datafield tag="336" ind1=" " ind2=" ">
    <subfield code="a">Imagen (en movimiento ; bidimensional)</subfield>
    <subfield code="2">isbdcontent</subfield>
  </datafield>
  <datafield tag="337" ind1=" " ind2=" ">
    <subfield code="a">v&#xED;deo</subfield>
    <subfield code="2">isbdmedia</subfield>
  </datafield>
  <datafield tag="338" ind1=" " ind2=" ">
    <subfield code="2">rdacarrier</subfield>
    <subfield code="a">volumen</subfield>
  </datafield>
  <datafield tag="500" ind1=" " ind2=" ">
    <subfield code="a">Distribuido junto a la revista Barcarola</subfield>
  </datafield>
  <datafield tag="518" ind1=" " ind2=" ">
    <subfield code="a">Cortometraje realizado en Espa&#xF1;a en 2010</subfield>
  </datafield>
  <datafield tag="520" ind1=" " ind2=" ">
    <subfield code="a">Beneyto pintor, escritor y editor es uno de los &#xFA;ltimos exponentes del postismo. Esta obra difumina los l&#xED;mites entre realidad y ficci&#xF3;n para adentrarnos en el universo surrealista beneytiano. Algunos de sus amigos como Pere Gimferrer, Jos&#xE9; Corredor Matheos, Jaime D. Parra o Gl&#xF2;ria Bosch nos revelan algo de su enigm&#xE1;tica personalidad. Mantuvo una afectuosa correspondencia con Alejandra Pizarnik, que recorre la pel&#xED;cula a trav&#xE9;s de sus fotos, de sus cartas, siendo una presencia ausente.</subfield>
  </datafield>
  <datafield tag="586" ind1=" " ind2=" ">
    <subfield code="a">Presentado y seleccionado en los festivales de: Ankara International Film Festival. 2012, FICA Festival Internacional de Creaci&#xF3;n Audiovisual 2011, 13&#xAA; Muestra Internacional Documental de Bogot&#xE1; 2011</subfield>
  </datafield>
  <datafield tag="597" ind1=" " ind2=" ">
    <subfield code="a">Formato de pantalla 16:4</subfield>
  </datafield>
  <datafield tag="600" ind1="0" ind2="4">
    <subfield code="a">Beneyto, Antonio,</subfield>
    <subfield code="d">1934-</subfield>
    <subfield code="2">embne</subfield>
    <subfield code="9">27556</subfield>
  </datafield>
  <datafield tag="650" ind1=" " ind2="7">
    <subfield code="a">Arte espa&#xF1;ol</subfield>
    <subfield code="2">embne</subfield>
    <subfield code="9">10189</subfield>
  </datafield>
  <datafield tag="650" ind1=" " ind2="7">
    <subfield code="a">Surrealismo (Arte)</subfield>
    <subfield code="2">embne</subfield>
    <subfield code="9">17267</subfield>
  </datafield>
  <datafield tag="655" ind1=" " ind2="0">
    <subfield code="a">Documentales</subfield>
    <subfield code="9">236959</subfield>
  </datafield>
  <datafield tag="655" ind1=" " ind2="7">
    <subfield code="a">Cortometrajes</subfield>
    <subfield code="2">tgfbne</subfield>
    <subfield code="9">236960</subfield>
  </datafield>
  <datafield tag="700" ind1="1" ind2=" ">
    <subfield code="a">Hoyos, Adriana,</subfield>
    <subfield code="d">1966-</subfield>
    <subfield code="9">236961</subfield>
  </datafield>
  <datafield tag="852" ind1=" " ind2=" ">
    <subfield code="a">ES-MaACL</subfield>
    <subfield code="c">ROT</subfield>
    <subfield code="j">ROT 6/3/12</subfield>
    <subfield code="9">203460</subfield>
  </datafield>
  <datafield tag="942" ind1=" " ind2=" ">
    <subfield code="2">udc</subfield>
    <subfield code="c">DVD</subfield>
    <subfield code="n">0</subfield>
  </datafield>
  <datafield tag="999" ind1=" " ind2=" ">
    <subfield code="c">195437</subfield>
    <subfield code="d">195437</subfield>
  </datafield>
  <datafield tag="952" ind1=" " ind2=" ">
    <subfield code="0">0</subfield>
    <subfield code="1">0</subfield>
    <subfield code="2">udc</subfield>
    <subfield code="4">0</subfield>
    <subfield code="7">0</subfield>
    <subfield code="a">ATENEOM</subfield>
    <subfield code="b">ATENEOM</subfield>
    <subfield code="c">ROT</subfield>
    <subfield code="d">2024-06-12</subfield>
    <subfield code="l">0</subfield>
    <subfield code="o">ROT 6/3/12</subfield>
    <subfield code="p">101228510</subfield>
    <subfield code="r">2024-06-12 00:00:00</subfield>
    <subfield code="w">2024-06-12</subfield>
    <subfield code="y">DVD</subfield>
  </datafield>
</record>
